| 000 | 00599nam a22001931a 4500 | ||
|---|---|---|---|
| 001 | 986 | ||
| 003 | OSt | ||
| 005 | 20260204211717.0 | ||
| 008 | 040115s1994||||dr ||||||b||||||||||spa|| | ||
| 050 | _aRD 370.113 P888p | ||
| 082 | _aRD 370.113 P888p | ||
| 100 | _aPrast de Pérez, Ivelisse | ||
| 245 | _aPlan decenal de educación: Política de profesionalización docente / Ivelisse Pratts de Pérez | ||
| 264 | _aSanto Domingo : Talleres Gráficos | ||
| 300 | _a145 p. | ||
| 500 | _a(Serie Política educativa #4). | ||
| 650 | _a1.Educación-Educadores 2.Educación VocacionalÌ | ||
| 942 |
_2ddc _cBK |
||
| 999 |
_c986 _d986 |
||